ARRUPE JESUIT UNIVERSITY

CORONAVIRUS -STOP THE SPREAD - CLEAN,DISINFECT,COVER

Haggai : (Record no. 122018)

MARC details
000 -LEADER
fixed length control field 00844cam a2200289 a 4500
001 - CONTROL NUMBER
control field 4466449
003 - CONTROL NUMBER IDENTIFIER
control field ARRUPE
005 - DATE AND TIME OF LATEST TRANSACTION
control field 20150210143834.0
008 - FIXED-LENGTH DATA ELEMENTS--GENERAL INFORMATION
fixed length control field 881027s1988 mnu b 001 0 eng
010 ## - LIBRARY OF CONGRESS CONTROL NUMBER
LC control number 88010513
020 ## - INTERNATIONAL STANDARD BOOK NUMBER
International Standard Book Number 0806623667
035 ## - SYSTEM CONTROL NUMBER
System control number (OCoLC)17837759
035 ## - SYSTEM CONTROL NUMBER
System control number (OCoLC)ocm17837759
035 ## - SYSTEM CONTROL NUMBER
System control number (NNC)4466449
040 ## - CATALOGING SOURCE
Transcribing agency DCL
041 1# - LANGUAGE CODE
Language code of text/sound track or separate title eng
Language code of original and/or intermediate translations of text ger
050 0# - LIBRARY OF CONGRESS CALL NUMBER
Classification number BS1655.3
Item number .W6513 1988
090 ## - LOCALLY ASSIGNED LC-TYPE CALL NUMBER (OCLC); LOCAL CALL NUMBER (OCLC)
Classification number (OCLC) (R) ; Classification number, CALL (RLIN) (NR) BS1655.3
Local cutter number (OCLC) ; Book number/undivided call number, CALL (RLIN) .W6513 1988
300 ## - PHYSICAL DESCRIPTION
Dimensions 25 cm.
100 1# - MAIN ENTRY--PERSONAL NAME
Personal name Wolff, Hans Walter.
9 (RLIN) 15034
245 10 - TITLE STATEMENT
Title Haggai :
Remainder of title a commentary /
Statement of responsibility, etc Hans Walter Wolff ; translated by Margaret Kohl.
260 ## - PUBLICATION, DISTRIBUTION, ETC. (IMPRINT)
Place of publication, distribution, etc Minneapolis :
Name of publisher, distributor, etc Augsburg Pub. House,
Date of publication, distribution, etc c1988.
300 ## - PHYSICAL DESCRIPTION
Extent 128 p. ;
504 ## - BIBLIOGRAPHY, ETC. NOTE
Bibliography, etc Includes bibliographical references and indexes.
630 00 - SUBJECT ADDED ENTRY--UNIFORM TITLE
Uniform title Bible.
Name of part/section of a work Haggai
Form subdivision Commentaries.
9 (RLIN) 15035
942 ## - ADDED ENTRY ELEMENTS (KOHA)
Source of classification or shelving scheme Library of Congress Classification
Koha item type Monograph ( Printed materials)
Holdings
Withdrawn status Lost status Source of classification or shelving scheme Damaged status Not for loan Collection code Home library Current library Shelving location Date acquired Total Checkouts Full call number Barcode Date last seen Price effective from Koha item type
    Library of Congress Classification     Main Collection ARRUPE LIBRARY ARRUPE LIBRARY Main Collection 10/02/2015   BS1655.3 .W6513 1988 46500001062 07/12/2016 10/02/2015 Monograph ( Printed materials)

 

Arrupe Library. PO Box MP320 Mt Pleasant, Harare, Zimbabwe
263 242 745411|librarian@aju.ac.zw